Retorn al país de les meravelles (Record no. 169163)

MARC details
000 -LEADER
campo de control de longitud fija 01071nam a22002775i 4500
001 - NÚMERO DE CONTROL
campo de control 169163
003 - IDENTIFICADOR DE NÚMERO DE CONTROL
campo de control ES-MaACL
005 - FECHA Y HORA DE LA ÚLTIMA TRANSACCIÓN
campo de control 20230906214020.0
008 - DATOS DE LONGITUD FIJA--INFORMACIÓN GENERAL
campo de control de longitud fija 080820s2001 sp |||| | spa d
017 ## - NÚMERO DE COPYRIGHT O DE DEPÓSITO LEGAL
Número de copyright o de depósito legal B-13.097-2001
020 ## - NÚMERO INTERNACIONAL ESTÁNDAR DEL LIBRO
Número Internacional Estándar del Libro 84-7664-724-7
080 ## - NÚMERO DE LA CLASIFICACIÓN DECIMAL UNIVERSAL
Número de la Clasificación Decimal Universal 7.036(064.3)
130 0# - ENTRADA PRINCIPAL--TÍTULO UNIFORME
Título uniforme Retorno al país de las maravillas.
9 (RLIN) 138232
245 10 - MENCIÓN DEL TÍTULO
Título Retorn al país de les meravelles
Resto del título : l'art contemporani i la infància = Retorno al país de las maravillas : el arte contemporáneo y la infancia : 27 d'abril-8 de juliol de 2001, Centre Cultural de la Fundació "la Caixa".
260 ## - PUBLICACIÓN, DISTRIBUCIÓN, ETC.
Lugar de publicación, distribución, etc. Barcelona :
Nombre del editor, distribuidor, etc. Fundació "la Caixa",
Fecha de publicación, distribución, etc. 2001.
300 ## - DESCRIPCIÓN FÍSICA
Extensión 155 p. :
Otras características físicas il. col. ;
Dimensiones 21 x 22 cm.
504 ## - NOTA DE BIBLIOGRAFÍA, ETC.
Nota de bibliografía, etc. Bibliografía.
546 ## - NOTA DE IDIOMA
Nota de lengua/lenguaje Texto en catalán, castellano e inglés.
650 14 - PUNTO DE ACCESO ADICIONAL DE MATERIA--TÉRMINO DE MATERIA
Término de materia o nombre geográfico como elemento de entrada Arte-
Subdivisión cronológica S.XX-
Subdivisión de forma Exposiciones.
9 (RLIN) 10140
655 #7 - TERMINO DE INDIZACIÓN--GENERO/FORMA
Fuente del término tgfbne
9 (RLIN) 193628
Datos o término principal de género/forma Catálogos de exposiciones
710 2# - ENTRADA AGREGADA--NOMBRE DE ENTIDAD CORPORATIVA
Nombre de entidad corporativa o nombre de jurisdicción como elemento de entrada Fundació "la Caixa"
9 (RLIN) 173255
740 0# - ENTRADA AGREGADA--TÍTULO RELACIONADO/ANALÍTICO NO CONTROLADO
Título relacionado o analítico no controlado Retorno al país de las maravillas.
852 4# - LOCALIZACIÓN
Ubicación ES-MaACL
Número de control de estantería L-29540
942 ## - ELEMENTOS DE ENTRADA SECUNDARIOS (KOHA)
Fuente del sistema de clasificación o colocación Clasificación decimal universal
Holdings
Estatus retirado Estado de pérdida Estado de daño No para préstamo Biblioteca de origen Biblioteca actual Ubicación en estantería Fecha de adquisición Fuente de adquisición Total de préstamos Signatura topográfica completa Código de barras Visto por última vez Precio de reemplazo Tipo de ítem Koha
        Biblioteca del Ateneo de Madrid Biblioteca del Ateneo de Madrid Depósito 2 20/08/2008     L-29540 1177606 23/02/2023 23/02/2023 Libro impreso